[Event "Kimberley Extravaganza op"]
[Site "Kimberley"]
[Date "2024.09.27"]
[Round "5"]
[White "Jacobs, Calvin Nicholas"]
[Black "Simpson, Michael"]
[Result "0-1"]
[WhiteElo "1812"]
[BlackElo "2125"]
[PlyCount "72"]
[EventDate "2024.09.25"]
[EventType "swiss"]
[EventRounds "9"]
[EventCountry "RSA"]
[SourceTitle "EXT 2025"]
[Source "ChessBase"]
[SourceDate "2024.10.14"]
[SourceVersion "1"]
[SourceVersionDate "2024.10.14"]
[SourceQuality "1"]

1. e4 c5 2. d4 cxd4 3. c3 Nf6 4. e5 Nd5 5. Qxd4 e6 6. Nf3 Nc6 7. Qe4 f5 8. Qe2 b5 9. g3 a5 10. Bg2 Be7 11. 0-0 Ba6 12. Rd1 0-0 13. Nd4 b4 14. c4 Nxd4 15. Rxd4 Rc8 16. b3 a4 17. Qe1 Bc5 18. Rd1 f4 19. cxd5 fxg3 20. hxg3 Bxf2+ 21. Qxf2 Rxf2 22. Kxf2 Rxc1 23. Rxc1 Qb6+ 24. Kf3 Qd4 25. Nd2 Qxd2 26. Bf1 Qxd5+ 27. Kf2 Qd4+ 28. Kg2 Bb7+ 29. Kh2 Qf2+ 30. Kh3 Qf5+ 31. Kh2 Qh5+ 32. Kg1 Qh1+ 33. Kf2 Qf3+ 34. Ke1 Qe3+ 35. Be2 Bf3 36. Rc2 Bxe2 0-1

[Event "Kimberley Extravaganza op"]
[Site "Kimberley"]
[Date "2024.09.26"]
[Round "3"]
[White "Jacobs, Calvin Nicholas"]
[Black "Samuels, Ethan"]
[Result "1/2-1/2"]
[WhiteElo "1812"]
[BlackElo "1979"]
[PlyCount "122"]
[EventDate "2024.09.25"]
[EventType "swiss"]
[EventRounds "9"]
[EventCountry "RSA"]
[SourceTitle "EXT 2025"]
[Source "ChessBase"]
[SourceDate "2024.10.14"]
[SourceVersion "1"]
[SourceVersionDate "2024.10.14"]
[SourceQuality "1"]

1. e4 c5 2. d4 cxd4 3. c3 e6 4. cxd4 d5 5. e5 Nc6 6. Nf3 Nge7 7. h4 Qb6 8. Nc3 Nf5 9. Bb5 h5 10. a4 Bb4 11. Be3 Bd7 12. Kf1 a6 13. Bd3 Bxc3 14. bxc3 Na5 15. Bxf5 exf5 16. Kg1 Rc8 17. Kh2 Nc4 18. Qd3 0-0 19. Rhb1 Qc6 20. Nd2 f6 21. Nxc4 dxc4 22. Qd2 Qe4 23. Bf4 Bc6 24. f3 Qd5 25. exf6 Rxf6 26. Re1 Re6 27. Re5 Rxe5 28. Bxe5 Re8 29. Qf4 Qf7 30. Qg5 Bd5 31. Rb1 Bc6 32. a5 Re6 33. Qf4 Rg6 34. Re1 Qe7 35. Re3 Qf7 36. Bd6 Re6 37. Rxe6 Qxe6 38. Be5 Qg6 39. Qc1 Bd5 40. Qa3 Qe6 41. Qc5 Kh7 42. Kg3 Qg6+ 43. Kf2 Qe6 44. Qf8 Qf7 45. Qd8 Qe6 46. Ke2 Qf7 47. Ke3 Be6 48. Kf4 Bd5 49. Qg5 Be6 50. Bd6 Kg8 51. Qd8+ Kh7 52. Qe7 Qg6 53. Be5 Bc8 54. Qg5 Qf7 55. d5 Bd7 56. Ke3 Be8 57. Kd4 Bb5 58. Qd8 Qg6 59. g3 f4 60. gxf4 Qg1+ 61. Ke4 Qb1+ 1/2-1/2

[Event "Africa-ch U16"]
[Site "Johannesburg"]
[Date "2024.06.19"]
[Round "6"]
[White "Mpene, Thuto"]
[Black "Jacobs, Calvin Nicholas"]
[Result "0-1"]
[WhiteElo "1975"]
[BlackElo "1785"]
[PlyCount "66"]
[EventDate "2024.06.16"]
[EventType "swiss"]
[EventRounds "9"]
[EventCountry "RSA"]
[SourceTitle "EXT 2025"]
[Source "ChessBase"]
[SourceDate "2024.10.14"]
[SourceVersion "1"]
[SourceVersionDate "2024.10.14"]
[SourceQuality "1"]

1. d4 f5 2. c4 Nf6 3. g3 g6 4. Bg2 Bg7 5. Nf3 d6 6. 0-0 0-0 7. Nc3 c6 8. h3 Kh8 9. Be3 Be6 10. Qd3 Bg8 11. Rfd1 Nbd7 12. Bf4 Nh5 13. Rab1 Qc7 14. d5 Ne5 15. Bxe5 dxe5 16. e4 Rad8 17. Qe2 e6 18. dxc6 bxc6 19. b4 Bf7 20. c5 h6 21. a4 g5 22. Qc4 Bg6 23. Re1 g4 24. hxg4 fxg4 25. Nh2 Nf6 26. Ne2 h5 27. Nf1 Nh7 28. Rec1 Qf7 29. b5 Qxf2+ 30. Kh1 h4 31. Rc2 h3 32. Bxh3 gxh3 33. Nf4 Qf3+ 0-1

[Event "Wch FIDE Online U12 Africa qual"]
[Site "Tornelo INT"]
[Date "2020.11.29"]
[Round "5"]
[White "Jacobs, Calvin Nicholas"]
[Black "Mpene, Thuto"]
[Result "0-1"]
[WhiteElo "1333"]
[BlackElo "1508"]
[PlyCount "104"]
[EventDate "2020.11.28"]
[EventType "swiss (rapid)"]
[EventRounds "7"]
[EventCountry "ISS"]
[SourceTitle "EXT 2022"]
[Source "ChessBase"]
[SourceDate "2021.10.06"]
[SourceVersion "1"]
[SourceVersionDate "2021.10.06"]
[SourceQuality "1"]

1. e4 c6 2. d4 d5 3. exd5 cxd5 4. c4 Nc6 5. Nc3 Nf6 6. Nf3 Bg4 7. c5 Bxf3 8. Qxf3 Nxd4 9. Qd3 Nc6 10. Bf4 e5 11. Bg3 Bxc5 12. Be2 0-0 13. 0-0 a6 14. Bh4 Be7 15. Bxf6 Bxf6 16. Nxd5 Nd4 17. Bf3 Nxf3+ 18. Qxf3 b5 19. Rfd1 Re8 20. Nxf6+ Qxf6 21. Qxf6 gxf6 22. Rac1 Red8 23. f3 Kg7 24. Kf2 Rac8 25. Rxd8 Rxc1 26. Rd2 Kg6 27. Ke2 Kf5 28. h4 h5 29. Kd3 Kf4 30. b3 Kg3 31. Ke4 Rg1 32. Kf5 Rxg2 33. Rd6 Kxh4 34. Rxf6 Rxa2 35. Kxe5 Kh3 36. Rxf7 h4 37. Rg7 Ra3 38. b4 Rxf3 39. Ke4 Ra3 40. Kf5 Kh2 41. Rg4 h3 42. Kf4 Kh1 43. Ke4 h2 44. Kf4 Ra4 45. Kf3 Ra3+ 46. Kf4 Ra1 47. Kf3 Rg1 48. Rh4 Rg8 49. Kf2 Rf8+ 50. Ke2 Kg2 51. Rg4+ Kh3 52. Rg7 Rh8 0-1